000 01539nam a2200385Ia 4500
001 ebr10748628
003 CaPaEBR
006 m o u
007 cr cn|||||||||
008 120410s2013 paua sb 001 0 eng d
010 _z 2012014283
020 _z9780812244571 (hardcover : alk. paper)
020 _z0812244575 (hardcover : alk. paper)
020 _z9780812207460
040 _aCaPaEBR
_cCaPaEBR
035 _a(OCoLC)859161128
050 1 4 _aBM509.T46
_bC64 2013eb
082 0 4 _a296.4/91
_223
100 1 _aCohn, Naftali S.
245 1 4 _aThe memory of the Temple and the making of the rabbis
_h[electronic resource] /
_cNaftali S. Cohn.
250 _a1st ed.
260 _aPhiladelphia :
_bUniversity of Pennsylvania Press,
_cc2013.
300 _axii, 240 p. :
_bill.
490 1 _aDivinations: rereading late ancient religion
504 _aIncludes bibliographical references and index.
533 _aElectronic reproduction.
_bPalo Alto, Calif. :
_cebrary,
_d2013.
_nAvailable via World Wide Web.
_nAccess may be limited to ebrary affiliated libraries.
610 2 0 _aTemple of Jerusalem (Jerusalem)
_xIn rabbinical literature.
630 0 0 _aMishnah
_xCriticism, interpretation, etc.
650 0 _aRabbis
_xOffice.
650 0 _aJudaism
_xHistory
_yTalmudic period, 10-425.
655 7 _aElectronic books.
_2local
710 2 _aebrary, Inc.
830 0 _aDivinations.
856 4 0 _uhttp://site.ebrary.com/lib/rucke/Doc?id=10748628
_zAn electronic book accessible through the World Wide Web; click to view
999 _c219239
_d219239